00594nam a22002297a 4500003000500000005001700005008004100022010000800063011000900071035000800080040000900088082001500097100001800112245002300130260005900153300001900212490003300231500001100264650003800275700001800313830003300331CHAP20220329132933.0971013s1986 r 00010 d a424 a1396 a572 cCHAP a633.61bS500aSivanesan, A. aSugarcane diseases a[London?] :bCommonwealth Mycological Institute,c1986 a88 p.b: ilus. aPhytopathoogical paperv; 29 a36-13714aCaña de azúcarxEnfermedades.0 aWaller, J. M.0 aPhytopathoogical paperv; 29